书目信息 |
| 题名: |
生物化学与分子生物学实验教程
|
|
| 作者: | 刘汉才 , 陈舒丽 主编 | |
| 分册: | ||
| 出版信息: | 北京 科学出版社 2018 |
|
| 页数: | 127页 | |
| 开本: | 26cm | |
| 丛书名: | ||
| 单 册: | ||
| 中图分类: | Q5-33 , Q7-33 | |
| 科图分类: | ||
| 主题词: | 生物化学--sheng wu hua xue--实验--医学院校--教材 , 分子生物学--fen zi sheng wu xue--实验--医学院校--教材 | |
| 电子资源: | ||
| ISBN: | 978-7-03-038634-2 | |
| 000 | 01231nam0 2200301 45 | |
| 001 | 012001002939 | |
| 005 | 20140126094449.0 | |
| 010 | @a978-7-03-038634-2@dCNY27.00 | |
| 099 | @aCAL 012013137370 | |
| 100 | @a20131101d2013 em y0chiy50 ea | |
| 101 | 0 | @achi |
| 102 | @aCN@b110000 | |
| 105 | @aak a 000yy | |
| 106 | @ar | |
| 200 | 1 | @a生物化学与分子生物学实验教程@Asheng wu hua xue yu fen zi sheng wu xue shi yan jiao cheng@f刘汉才, 陈舒丽主编 |
| 210 | @a北京@c科学出版社@d2018 | |
| 215 | @a127页@c图@d26cm | |
| 300 | @a高等医药院校基础课实验教材 | |
| 320 | @a有书目 (第118页) | |
| 330 | @a本书分四部分,其中第一部分为实验基本知识,包括第一章实验须知、第二章实验基本操作、第三章实验样品的制备、第四章常用的实验方法与技术,第二部分为基础验证性实验(实验一至十三),第三部分为综合提高性实验(实验十三至二十六),第四部分为研究创新性实验(实验二十七),最后附有主要参考文献和附录。 | |
| 606 | 0 | @a生物化学@Asheng wu hua xue@x实验@x医学院校@j教材 |
| 606 | 0 | @a分子生物学@Afen zi sheng wu xue@x实验@x医学院校@j教材 |
| 690 | @aQ5-33@v5 | |
| 690 | @aQ7-33@v5 | |
| 701 | 0 | @a刘汉才@Aliu han cai@4主编 |
| 701 | 0 | @a陈舒丽@Achen shu li@4主编 |
| 801 | 2 | @aCN@b北京卓展@c20191020 |
| 905 | @b1204821-4@dQ5-33@e292@f4 | |
| 生物化学与分子生物学实验教程/刘汉才, 陈舒丽主编.-北京:科学出版社,2018 |
| 127页:图;26cm |
| 高等医药院校基础课实验教材 |
| ISBN 978-7-03-038634-2:CNY27.00 |
| 本书分四部分,其中第一部分为实验基本知识,包括第一章实验须知、第二章实验基本操作、第三章实验样品的制备、第四章常用的实验方法与技术,第二部分为基础验证性实验(实验一至十三),第三部分为综合提高性实验(实验十三至二十六),第四部分为研究创新性实验(实验二十七),最后附有主要参考文献和附录。 |
| ● |
| 相关链接 |
|
|
|
|
正题名:生物化学与分子生物学实验教程
索取号:Q5-33/292
 
预约/预借
| 序号 | 登录号 | 条形码 | 馆藏地/架位号 | 状态 | 备注 |
| 1 | 1204821 | 212048210 | 第二样本阅览室/ [索取号:Q5-33/292] | 在馆 | |
| 2 | 1204822 | 212048229 | 第三借阅区/ [索取号:Q5-33/292] | 在馆 | |
| 3 | 1204823 | 212048238 | 第三借阅区/ [索取号:Q5-33/292] | 在馆 | |
| 4 | 1204824 | 212048247 | 第三借阅区/ [索取号:Q5-33/292] | 在馆 |